000 02380nam2a2200337 i 4500
001 RU\NLR\BIBL_A\011403222
005 20260407045852.0
010 _a9785951503336
_9750
021 _aRU
_b2017-38026
_92782
035 _a(NLR Aleph) 011403222
090 _a11519682
_c11519682
100 _a20170609d2016 u y0rusy50 ca
101 0 _arus
102 _aRU
105 _aach|g|||001yd
200 1 _aУчастники ликвидации последствий аварии на Чернобыльской АЭС 1986-1990 гг.
_f[редакционная коллегия: В.К. Иванов (главный редактор) и др.]
210 _d2016
215 _a321 с.
_cил., цв. ил., портр., факс.
320 _aАлф. указ.: с. 316-320
461 0 _1001RU\NLR\bibl\2058722
_12001#$aБоевая и трудовая слава РФЯЦ-ВНИИЭФ$eКнига Памяти$fФГУП "Рос. федер. ядер. центр - Всерос. НИИ эксперим. физики"$g[сост.: к.филол.н. О.Ю. Смирнова и др.$gредкол.: Ю.М. Якимов (гл. ред.) и др.]$vЧ. 4
_94616616
_cСаров
_d2013
_fФГУП "Рос. федер. ядер. центр - Всерос. НИИ эксперим. физики"
_nФГУП "РФЯЦ-ВНИИЭФ"
_oКнига Памяти
_tБоевая и трудовая слава РФЯЦ-ВНИИЭФ
_y978-5-9515-0219-3
_vЧ. 4
601 0 2 _aЧернобыльская атомная электрическая станция
_cПрипять, город; Украина
_jКниги памяти
_xАвария
_xПоследствия
_xЛиквидация
_xГерои и героизм
_yНижегородская область
_92549408
_3RU\NLR\AUTH\661508690
686 1 _aЦ69,6(2)0-243д(2Р-4Ни)
702 1 _4340
_7ca
_8rus
_aИванов
_bВ. К.
_cд-р техн. наук, лучевая терапия
_f1952-
_gВиктор Константинович
_94510
_3RU\NLR\AUTH\7721448
711 0 2 _aЧернобыльская атомная электрическая станция
_cПрипять
_9535432
_3RU\NLR\AUTH\8810018772
852 _aNLR
_jС 2013-5/37
942 _cBOOK
980 _aNBR